000 00547nam a2200193Ia 4500
005 20250326140816.0
008 250326s9999 xx 000 0 und d
020 _a0-471-89971-2
037 _aTextbook
040 _aFMSL
_beng
_cFMSL
041 _aeng
_2eng
084 _aX8(A):8 PO
_qFMSL
100 _aStrebel P
_9743107
245 0 _aFocused energy: Mastering botton-up organization
_cStrebel P
260 _aNew York
_bNew York, John Wiley
_c2000
300 _ax,306
942 _cTB
_hX8(A):8 PO
999 _c1287378
_d1287378